Statistics for Without Me - Halsey - All Lyrics

Click here to take the quiz!

General Stats

  • This quiz has been taken 139 times
  • The average score is 360 of 429

Answer Stats

Answer% Correct
(I
99%
I
99%
(Oh-woah)
99%
You
98%
you
98%
me
97%
me,
97%
a
96%
the
96%
it
95%
Then
95%
then
95%
So
93%
so
93%
without
93%
your
92%
feel
91%
feel?
91%
on
90%
there?
90%
there
90%
live
89%
Live
89%
Tell
89%
tell
89%
to
89%
up
89%
when
89%
could
88%
of
88%
was
88%
and
86%
And
86%
if
86%
who
86%
high,
85%
Thinkin'
85%
I'm
84%
sittin'
84%
advantage
83%
all
83%
(All)
83%
broke
83%
but
83%
'em
83%
(Fall)
83%
fall
83%
Found
83%
fuck
83%
go
83%
heart
83%
Just
83%
just
83%
know
83%
know)
83%
one
83%
put
83%
catch
82%
laugh,
82%
take
82%
they
82%
too
82%
feet,
81%
Said
81%
said
81%
far
80%
how's
80%
sky,
80%
Feelin'
79%
hold
79%
in
78%
knees,
78%
right
78%
back
77%
does
77%
ever
77%
got
77%
lonely?
77%
don't
75%
them
75%
why
75%
why,
75%
why)
75%
away
74%
get
73%
I'd
73%
Took
69%
took
69%
(Yeah,
68%
yeah
68%
close
66%
close)
66%
did
65%
keep
65%
(Keep
65%
love
65%
off
65%
until
65%
what
65%
cup
64%
own
64%
Baby,
63%
filled
63%
have
61%
my
61%
overflowed
61%
say
61%
leave
60%
from
59%
afraid
57%
had
55%
mine
55%
(Mine)
55%
mind
52%
Name
52%
already
51%
didn't
51%
find
51%
Gave
51%
out
51%
blind
50%
'cause
50%
made
50%
hundred
49%
yours
49%
'bout
48%
(Hundred
48%
tries
46%
tries)
46%
demons
44%
notice
44%
runnin'
38%

Score Distribution

Percentile by Number Answered

Percent of People with Each Score

Your Score History

You have not taken this quiz